|
|
|
|
| LEADER |
00995nam a2200265 a 4500 |
| 001 |
3213992 |
| 008 |
091022s1972 nyu b 001 0 eng d |
| 010 |
|
|
|a \\\78152856
|
| 020 |
|
|
|a 0394316339
|
| 040 |
|
|
|a DLC
|c DLC
|d DLC
|
| 082 |
0 |
0 |
|a 342/.73
|2 18
|
| 100 |
1 |
|
|a Murphy, Walter F.,
|d 1929-
|
| 245 |
1 |
4 |
|a The study of public law /
|c by Walter F. Murphy and Joseph Tanenhaus.
|
| 250 |
|
|
|a 1st ed.
|
| 260 |
|
|
|a New York :
|b Random House,
|c c1972.
|
| 300 |
|
|
|a xi, 242 p.
|c 24 cm.
|
| 504 |
|
|
|a Includes bibliographical references.
|
| 541 |
1 |
|
|e 00001518
|
| 650 |
|
0 |
|a Public law
|z United States.
|
| 650 |
|
0 |
|a Judicial process
|z United States.
|
| 650 |
|
0 |
|a Law
|x Political aspects.
|
| 700 |
1 |
|
|a Tanenhaus, Joseph,
|e joint author.
|
| 852 |
4 |
|
|a Ayesha Abed Library
|j General shelf
|
| 999 |
|
|
|c 4806
|d 4806
|
| 952 |
|
|
|0 0
|1 0
|2 ddc
|4 0
|6 342_730000000000000_MUR_1972
|7 0
|9 4617
|a BRACUL
|b BRACUL
|c GEN
|d 2009-10-24
|g 0.00
|l 0
|o 342.73 MUR
|p 3010001518
|r 2009-10-24
|t 1
|w 2009-10-24
|y BK
|x No price found in the accession register.
|